1028 1062 1551 1536 1094 1166 1551 1707 1791 1957 1317 1528 1860 1688 1569 1139 1403 1099 1478 1924 1203 1388 1410 1302 1224 1585 1457 1895 1058 1209 1917 1225 1551 1273 1962 1601 1288 1918 1084 1899 1479 1850 1597 1252 1327 1283 1812 1563 1835 1392 1033 1960 1983 1019 1098 1375 1402 1512 1970 1655 1226 1541 1447 1401 1941 1077 1787 1295 1916 1836 1232 1590 1435 1634 1867 1703 1227 1131 1347 1956 1326 1261 1070 1882 1871 1999 1928 1738 1691 1768 1662 1651 1714 1563 1315 1348 1551 1754 1165 BCNSPRNW ULIB Ver.6.0+V

เปลี่ยนเป็นภาษาไทย

Change to English
 แสดงรายละเอียดบรรณานุกรม
  กลับหน้าหลัก

Brief Record : Get Marc (ISO 2709) : E-mail record : QR code < ปิดหน้าต่าง
LEADER : 00000nam 2200000uu 4500
001    13399126683
003     ULIB
008    190211s2561||||th 000 0 tha d
020    ^a9786163983282
060 04 ^aWY106^bศ542ก
100 0  ^aศิวพร อึ้งวัฒนา
245 10 ^aการพยาบาลชุมชน :^bอนามัยครอบครัว อนามัยโรงเรียน อนามัยสิ่งแวดล้อม และอาชีวอนามัย /^cศิวพร อึ้งวัฒนา ,รังสิยา นารินทร์.
250    ^aพิมพ์ครั้งที่ 1
260    ^aเชียงใหม่ :^bโครงการตำรา คณะพยาบาลศาสตร์ มหาวิทยาลัยเชียงใหม่,^c2561.
300    ^aviii, 117 หน้า :^bภาพประกอบ ;^c25 ซม.
650  4 ^aการพยาบาลอนามัยชุมชน
650  4 ^aอนามัยชุมชน, การพยาบาล
650  4 ^aอนามัยครอบครัว
650  4 ^aอนามัยโรงเรียน
700 0  ^aรังสิยา นารินทร์
710 2  ^aมหาวิทยาลัยเชียงใหม่. ^bคณะพยาบาลศาสตร์
945    ^p150^l0^i27658
945    ^p150^l0^i27657
945    ^p150^l0^i27660
945    ^p150^l0^i27009
945    ^p150^l0^i27010
945    ^p150^l0^i27011
945    ^p150^l0^i27661
945    ^p150^l0^i27659
999    ^aกัณชพร จุลอักษร
รายการนี้ยังไม่มีแท็ก
คุณยังไม่ได้ล็อกอิน คุณสามารถมีกิจกรรมร่วมกับเว็บไซต์ได้ แต่ต้องล็อกอินก่อน ::
  ล็อกอิน

รายการสื่อสารสนเทศ

ลำดับที่ ประเภท เลขเรียก/บาร์โค้ด สถานที่ สถานะ
1. หนังสือสำรอง
หนังสือสำรอง
WY106 ศ542ก ฉ.1 
  Barcode: 27009
ห้องสมุดวิทยาเขตนครสวรรค์
►หนังสือทั่วไป:l:General Books
บนชั้น
2. วิทยาศาสตร์การแพทย์ และสุขภาพ
วิทยาศาสตร์การแพทย์ และสุขภาพ
WY106 ศ542ก ฉ.2 
  Barcode: 27010
ห้องสมุดวิทยาเขตนครสวรรค์
►หนังสือทั่วไป:l:General Books
บนชั้น
3. วิทยาศาสตร์การแพทย์ และสุขภาพ
วิทยาศาสตร์การแพทย์ และสุขภาพ
WY106 ศ542ก ฉ.3 
  Barcode: 27011
ห้องสมุดวิทยาเขตนครสวรรค์
►หนังสือทั่วไป:l:General Books
บนชั้น
4. วิทยาศาสตร์การแพทย์ และสุขภาพ
วิทยาศาสตร์การแพทย์ และสุขภาพ
WY106 ศ542ก ฉ.4 
  Barcode: 27657
ห้องสมุดวิทยาเขตนครสวรรค์
►หนังสือทั่วไป:l:General Books
บนชั้น
5. วิทยาศาสตร์การแพทย์ และสุขภาพ
วิทยาศาสตร์การแพทย์ และสุขภาพ
WY106 ศ542ก ฉ.5 
  Barcode: 27658
ห้องสมุดวิทยาเขตนครสวรรค์
►หนังสือทั่วไป:l:General Books
บนชั้น
6. วิทยาศาสตร์การแพทย์ และสุขภาพ
วิทยาศาสตร์การแพทย์ และสุขภาพ
WY106 ศ542ก ฉ.6 
  Barcode: 27659
ห้องสมุดวิทยาเขตนครสวรรค์
►หนังสือทั่วไป:l:General Books
บนชั้น
7. วิทยาศาสตร์การแพทย์ และสุขภาพ
วิทยาศาสตร์การแพทย์ และสุขภาพ
WY106 ศ542ก ฉ.7 
  Barcode: 27660
ห้องสมุดวิทยาเขตนครสวรรค์
►หนังสือทั่วไป:l:General Books
บนชั้น
8. วิทยาศาสตร์การแพทย์ และสุขภาพ
วิทยาศาสตร์การแพทย์ และสุขภาพ
WY106 ศ542ก ฉ.8 
  Barcode: 27661
ห้องสมุดวิทยาเขตนครสวรรค์
►หนังสือทั่วไป:l:General Books
บนชั้น

รายการใกล้เคียง
    ผู้แต่ง [ศิวพร อึ้งวัฒนา]

    หัวเรื่อง [การพยาบาลอนามัยชุมชน]
    หัวเรื่อง [อนามัยชุมชน, การพยาบาล]
    หัวเรื่อง [อนามัยครอบครัว]
    หัวเรื่อง [อนามัยโรงเรียน]

BibComment


ยังไม่เคยถูกคอมเมนท์

คอมเมนท์ทรัพยากรรายการนี้
  คอมเมนท์: การพยาบาลชุมชน ..


 Copyright 2026. Bcnsprnw @Library